| LEADER | 00762nam a2200157 4500 | ||
|---|---|---|---|
| 082 | |a 203.509597 |b PH104M | ||
| 100 | |a Phạm Minh Thảo | ||
| 245 | |a Thành hoàng Việt Nam |c Phạm Minh Thảo, Trần Thị An, Bùi Xuân Mỹ |n T.1 | ||
| 260 | |a H. |b Văn hóa Thông tin |c 1997 | ||
| 300 | |a 492 tr. |c 21 cm | ||
| 520 | |a v.v | ||
| 653 | |a Tôn giáo | ||
| 942 | |2 ddc |c STK0 | ||
| 999 | |c 3135 |d 3135 | ||
| 952 | |0 0 |1 0 |2 ddc |4 0 |6 203_509597000000000_PH104M |7 1 |8 200 |9 35338 |a qbu |b qbu |c D2 |d 2014-12-15 |g 95000 |o 203.509597 PH104M |p 4389.c1 |r 0000-00-00 |w 2014-12-15 |y STK0 |0 0 |6 203_509597000000000_PH104M | ||
| 952 | |0 0 |1 0 |2 ddc |4 0 |6 203_509597000000000_PH104M |7 0 |8 200 |9 35339 |a qbu |b qbu |c D2 |d 2014-12-15 |g 95000 |o 203.509597 PH104M |p 4389.c2 |r 0000-00-00 |w 2014-12-15 |y STK0 |0 0 |6 203_509597000000000_PH104M | ||